00387nam a2200145Ia 4500008004100000020001600041041000800057082001500065100002400080245003700104250000600141260006100147300001300208650002000221210716s2009 xx 000 0 und d a97800671072 aeng a174.4 DESJ aDesjardins, Joseph. aIntroduction to business ethics. a2 aNew DelhibTata McGraw Hill Publishing Company Ltdc2009 axiii,110 aBusiness Ethics